Build your own Wi-Fi network / (رقم التسجيلة. 17520)

تفاصيل مارك
000 -الفاتح
حقل البيانات ثابتة الطول 01251cam a2200337 a 4500
001 - رقم الضبط
رقم الضبط 13079625
003 - محدد رقم الضبط
رقم الضبط OSt
005 - وقت وتاريخ اخر تعامل مع التسجيلة
رقم الضبط 20150408113939.0
008 - عناصر البيانات ثابتة الطول - معلومات عامة
حقل البيانات ثابتة الطول 030203s2002 nyua 001 0 eng
010 ## - رقم ضبط مكتبة الكونجرس
رقم ضبط مكتبة الكونجرس 2003268331
020 ## - الرقم الدولى المعيارى للكتب
الرقم الدولى المعيارى للكتاب 0072226242
035 ## - رقم ضبط النظام
رقم ضبط النظام (OCoLC)ocm51043576
040 ## - مصدر الفهرسة
وكالة الفهرسة الأصلية RLS
وكالة النسخ RLS
وكالة التعديل DLC
042 ## - رمز التحقق
رمز التحقق lccopycat
050 00 - رقم طلب مكتبة الكونجرس
رقم التصنيف TK5105.78
رقم المادة .B75 2002
082 00 - رقم تصنيف ديوى العشرى
رقم التصنيف 004.68
رقم الطبعة 21
100 1# - المدخل الرئيسى - إسم شخصى
الإسم الشخصى Brisbin, Shelly.
9 (RLIN) 5720
245 10 - بيان العنوان
العنوان Build your own Wi-Fi network /
بيان المسئوليه,etc by Shelly Brisbin ; with Glen Carty.
260 ## - PUBLICATION, DISTRIBUTION, ETC. (IMPRINT)
مكان الناشر او الموزع New York :
اسم الناشر او الموزع McGraw Hill/Osborne,
تاريخ النشر أو التوزيع 2002.
300 ## - الوصف المادى
التعداد xviii, 237 p. :
تفاصيل ماديه اخرى للوعاء ill. ;
أبعاد الوعاء 28 cm.
504 ## - تبصرة ببليوجرافية
تبصرة ببليوجرافية,الخ Includes Webliography (p. 221-225) and index.
650 #0 - المدخل الاضافى بالموضوع-مصطلح موضوعى
مصطلح موضوعي أو اسم جغرافي كعنصر مدخل Wireless LANs.
9 (RLIN) 5721
650 #0 - المدخل الاضافى بالموضوع-مصطلح موضوعى
مصطلح موضوعي أو اسم جغرافي كعنصر مدخل Home computer networks.
9 (RLIN) 5722
650 #0 - المدخل الاضافى بالموضوع-مصطلح موضوعى
مصطلح موضوعي أو اسم جغرافي كعنصر مدخل IEEE 802.11 (Standard)
9 (RLIN) 5723
700 1# - المدخل الاضافى - اسم شخصى
الإسم الشخصى Carty, Glen.
9 (RLIN) 5724
856 42 - الوصول و الموقع الالكترونى
مواد محددة Contributor biographical information
معرف المصدر الموحد <a href="http://www.loc.gov/catdir/bios/mh042/2003268331.html">http://www.loc.gov/catdir/bios/mh042/2003268331.html</a>
856 41 - الوصول و الموقع الالكترونى
مواد محددة Table of contents
معرف المصدر الموحد <a href="http://www.loc.gov/catdir/toc/mh031/2003268331.html">http://www.loc.gov/catdir/toc/mh031/2003268331.html</a>
856 42 - الوصول و الموقع الالكترونى
مواد محددة Publisher description
معرف المصدر الموحد <a href="http://www.loc.gov/catdir/description/mh031/2003268331.html">http://www.loc.gov/catdir/description/mh031/2003268331.html</a>
942 ## - عناصر المدخل الإضافي( كوها)
مصدر التصنيف او مخطط الترفيف Dewey Decimal Classification
Koha [default] item type كتاب
المقتنيات
حالة الفقد نموذج السعر الفعال حالة تلف ليس للاعارة رقم الطلب تاريخ الاكتساب الموقع الحالي الباركود الفرع الرئيسي Date last seen نوع المادة فى نظام كوها مصدر التصنيف او خطة الترفيف Total Checkouts
  2013-03-10     004.68 B S B 2011-10-27 المكتبة المركزية بالمجمعة (CL) 00047547 المكتبة المركزية بالمجمعة (CL) 2013-03-10 كتاب Dewey Decimal Classification  
  2013-03-10     004.68 B S B 2011-10-27 المكتبة المركزية بالمجمعة (CL) 00047546 المكتبة المركزية بالمجمعة (CL) 2013-03-10 كتاب Dewey Decimal Classification  
  2013-03-10     004.68 B S B 2011-10-27 المكتبة المركزية بالمجمعة (CL) 00047545 المكتبة المركزية بالمجمعة (CL) 2013-03-10 كتاب Dewey Decimal Classification